Największe miasta świata na literę B - Statystyki

Ogólne statystyki
  • Ten quiz został rozwiązany 131 razy
  • Średni wynik to 13 z 20
Statystyki odpowiedzi
Państwo Populacja Miasto % Poprawnych
Niemcy 4,85 mln Berlin
96%
Węgry 2,5 mln Budapeszt
96%
Belgia 2,75 mln Bruksela
95%
Argentyna 16,7 mln Buenos Aires
95%
Tajlandia 21,2 mln Bangkok
94%
Hiszpania 4,88 mln Barcelona
94%
Kolumbia 10,4 mln Bogota
90%
Brazylia 3,98 mln Brasilia
88%
Azerbejdżan 3,68 mln Baku
85%
Irak 7,65 mln Bagdad
84%
Wielka Brytania 3,25 mln Birmingham
79%
Stany Zjednoczone 7,7 mln Boston
74%
Australia 3,35 mln Brisbane
63%
Mali 5,45 mln Bamako
52%
Korea Południowa 4 mln Busan
41%
Brazylia 4,93 mln Belo Horizonte
40%
Indie 14,2 mln Bengaluru
23%
Indonezja 6,95 mln Bandung
15%
Indie 2,68 mln Bhopal
5%
Indie 3,28 mln Bhilaj Nagar
0%
Nie znaleziono quizów pasujących do podanych kryteriów
Rozkład punktacji
Procent ludzi z każdym wynikiem
Percentyl według liczby udzielonych odpowiedzi
Twoja historia wyników
Nie rozwiązałeś tego quizu